书目信息 |
| 题名: |
3ds max样板间设计表现解析
|
|
| 作者: | 张文涛 编著 | |
| 分册: | ||
| 出版信息: | 北京 中国铁道出版社 2006.03 |
|
| 页数: | 300页, [16] 页图版 | |
| 开本: | 26cm | |
| 丛书名: | 设计师首推精品图书系列 | |
| 单 册: | ||
| 中图分类: | TU238-39 | |
| 科图分类: | ||
| 主题词: | 室内设计--shi nei she ji--计算机辅助设计--图形软件 | |
| 电子资源: | ||
| ISBN: | 7-113-06789-1 | |
| 000 | 00986nam 2200253 450 | |
| 001 | 012006908107 | |
| 005 | 20060921104410.06 | |
| 010 | @a7-113-06789-1@dCNY60.00 (含光盘) | |
| 100 | @a20060704d2006 km y0chiy0120 ea | |
| 101 | 0 | @achi |
| 102 | @aCN@b110000 | |
| 105 | @aaf z 000yy | |
| 200 | 1 | @a3ds max样板间设计表现解析@A3ds max yang ban jian she ji biao xian jie xi@f张文涛编著@Fzhang wen tao bian zhu |
| 210 | @a北京@c中国铁道出版社@d2006.03 | |
| 215 | @a300页, [16] 页图版@c图@d26cm@e光盘1片 | |
| 225 | 2 | @a设计师首推精品图书系列@Ashe ji shi shou tui jing pin tu shu xi lie@e清风书坊 |
| 330 | @a本书介绍如何使用3ds max及各种插件制作出照片级的室内效果,所选取的实例都是目前国内最新最流行的效果图表现方法。 | |
| 410 | 0 | @12001 @a设计师首推精品图书系列 |
| 606 | 0 | @a室内设计@Ashi nei she ji@x计算机辅助设计@x图形软件 |
| 610 | 0 | @a3ds max |
| 690 | @aTU238-39@v4 | |
| 701 | 0 | @a张文涛@Azhang wen tao@4编著 |
| 801 | 0 | @aCN@bQSSK@c20060921 |
| 905 | @a10447@dTU238-39@eZ196 | |
| 3ds max样板间设计表现解析/张文涛编著.-北京:中国铁道出版社,2006.03 |
| 300页, [16] 页图版:图;26cm+光盘1片.-(设计师首推精品图书系列:清风书坊) |
| ISBN 7-113-06789-1:CNY60.00 (含光盘) |
| 本书介绍如何使用3ds max及各种插件制作出照片级的室内效果,所选取的实例都是目前国内最新最流行的效果图表现方法。 |
| ● |
| 相关链接 |
|
|
|
正题名:3ds max样板间设计表现解析
索取号:TU238-39/Z196
 
预约/预借
| 序号 | 登录号 | 条形码 | 馆藏地/架位号 | 状态 | 备注 |
| 1 | 594019 | 205940197 | 建筑库101/101建筑库 53排2列5层/ [索取号:TU238-39/Z196] | 在馆 | |
| 2 | 594020 | 205940204 | 建筑库101/101建筑库 53排2列5层/ [索取号:TU238-39/Z196] | 在馆 | |
| 3 | 594021 | 205940213 | 建筑库101/101建筑库 53排2列5层/ [索取号:TU238-39/Z196] | 在馆 |